Statistics for Best NBA Player by Age 2022

Click here to take the quiz!

General Stats

  • This quiz has been taken 57 times
  • The average score is 17 of 22

Answer Stats

AgeHintAnswer% Correct
37LakersLeBron James
96%
33WarriorsStephen Curry
94%
27BucksGiannis Antetokounmpo
90%
36SunsChris Paul
88%
25SunsDevin Booker
88%
22GrizzliesJa Morant
88%
23MavericksLuka Doncic
88%
28LakersAnthony Davis
85%
31TrailblazersDamian Lillard
85%
29NetsKyrie Irving
85%
20HornetsLaMelo Ball
85%
3276ersJames Harden
81%
26TimberwolvesKarl-Anthony Towns
81%
24HeatBam Adebayo
79%
41HeatUdonis Haslem
79%
38WarriorsAndre Iguodala
67%
21KnicksRJ Barrett
63%
30PelicansCJ McCollum
58%
19ThunderJosh Giddey
56%
35HeatKyle Lowry
52%
34JazzMike Conley
48%
40CelticsJoe Johnson
23%

Score Distribution

Percentile by Number Answered

Percent of People with Each Score

Your Score History

You have not taken this quiz